| 000 | nam a22 a 4500 | ||
|---|---|---|---|
| 999 |
_c3157 _d3157 |
||
| 003 | AKMAL | ||
| 005 | 20170519155102.0 | ||
| 008 | 170519s2000 my 00 may d | ||
| 020 |
_a9676110426 (kkt.): _cRM16.50 |
||
| 082 | 0 | 4 |
_a658.3125 ABA _221 |
| 090 | 0 | 0 |
_a658.3125 _bABA |
| 100 | 0 |
_aAb. Aziz Yusof _9600 |
|
| 245 | 1 | 0 |
_aPenilaian prestasi : _bkepentingan dan permasalahan / _cAb. Aziz Yusof |
| 260 |
_aKuala Lumpur : _bUtusan Publications & Distributors, _c2000 |
||
| 300 | 0 | 0 |
_a230ms. : _bil. ; _c22cm |
| 504 | _aBibliografi: ms. 212-228 | ||
| 650 | 0 |
_aEmployees _xRating of _9601 |
|
| 650 | 0 |
_aPersonnel management _9602 |
|
| 942 |
_2ddc _cBOOK |
||